Balıkesir ili ağızları : (Record no. 15645)

MARC details
000 -BAŞLIK
Sabit Uzunlukta Kontrol Alanı 00888nam a22002417a 4500
999 ## - SİSTEM KONTROL NUMARALARI (KOHA)
Koha Biblionumber 15645
Koha Biblioitemnumber 15645
003 - KONTROL NUMARASI IDENTIFIER
Denetim Alanı MIRAKIL
005 - SON İŞLEM TARİHİ VE ZAMANI
Denetim Alanı 20240314120957.0
008 - SABİT-BOY VERİ ELEMANLARI - GENEL BİLGİLER
Sabit Uzunlukta Kontrol Alanı 240314b tu ||||| |||| 00| 0 tur d
020 ## - ULUSLARARASI STANDART KİTAP NUMARASI
Uluslararası Standart Kitap Numarası 9789751751546
040 ## - KATALOGLAMA KAYNAK
Orijinal Kataloglama Ajansı TR-AnCHP
Metne Dönüştürmek Ajansı TR-AnCHP
041 ## - DİL KODU
Metin / Ses Parça Veya Ayrı Başlığın Dil Kodu tur
082 ## - DEWEY ONLU SINIFLANDIRMA NUMARASI
Sınıflandırma Numarası 417.4
Ürün Numarası M87b 2022
100 ## - ANA GİRİŞ - KİŞİSEL İSİM
Kişisel Ad Mutlu, Hüseyin Kahraman
245 10 - BAŞLIK TABLOSU
Başlık Balıkesir ili ağızları :
Başlığın Kalan (inceleme-metinler-sözlük) /
Sorumluluk Tablosu, Vb Dr. Hüseyin Kahraman Mutlu
250 ## - EDITION TABLOSU
Baskı Beyanı Birinci baskı: Ankara, 2022 Mayıs
260 ## - YAYIN, DAĞITIM, VB
Yayın, Dağıtım, Vb Yeri Ankara :
Yayıncı, Dağıtıcı, Vs Adı Türk Dil Kurumu Yayınları,
Yayın, Dağıtım, Vb Tarihi 2022
300 ## - FİZİKSEL TANIM
Kapsam 664 sayfa :
Diğer Fiziksel Ayrıntıları harita, tablo ;
Boyutlar 24 cm
490 0# - SERİSİ TABLOSU
Seri Beyanı Atatürk Kültür, Dil ve Tarih Yüksek Kurumu Türk Dil Kurumu Yayınları ;
Hacim / Ardışık Tanımı 1462.
504 ## - KAYNAKÇA VB NOT
Kaynakça Vb Notu Kaynakça: 359-361. sayfa<br/>
650 #0 - KONU KATMA GİRİŞ - TOPİKAL DÖNEM
9 (RLIN) 7753
Topikal Süreli Veya Coğrafi Ad Giriş Elemanı Ağızlar
856 ## - ELEKTRONİK YER VE ERİŞİM
Kamu Notu Dijital Nüshası için Partimizin Kütüphane Sorumlusu ile iletişime geçiniz.
942 ## - EKLENDİ GİRİŞ ELEMANLARI (KOHA)
Sınıflandırma Veya Raf Düzeni Kaynak Dewey Decimal Classification
Koha Öğesi Türü Books
Holdings
Kalıcı Konum Mevcut Konum Edinme Tarihi Toplam Check-Out'Lar Tam Çağrı Numarası Barkod Tarih Son Görülme İtibaren Geçerli Fiyatlar Koha Öğesi Türü
CHP Kütüphanesi CHP Kütüphanesi 03/14/2024   417.4 M87b 2022 21558 03/14/2024 03/14/2024 Books